Diccionario de autores de todos los tiempos y de todos los países / (Record no. 35378)

MARC details
000 -LEADER
campo de control de longitud fija 00815nam a2200253 i 4500
001 - NÚMERO DE CONTROL
campo de control 35378
003 - IDENTIFICADOR DE NÚMERO DE CONTROL
campo de control ES-MaACL
005 - FECHA Y HORA DE LA ÚLTIMA TRANSACCIÓN
campo de control 20230906155121.0
007 - CAMPO FIJO DE DESCRIPCIÓN FÍSICA--INFORMACIÓN GENERAL
campo de control de longitud fija t|
008 - DATOS DE LONGITUD FIJA--INFORMACIÓN GENERAL
campo de control de longitud fija 030212s1963 sp d ||||1| spa d
080 ## - NÚMERO DE LA CLASIFICACIÓN DECIMAL UNIVERSAL
Número de la Clasificación Decimal Universal 016:82
080 ## - NÚMERO DE LA CLASIFICACIÓN DECIMAL UNIVERSAL
Número de la Clasificación Decimal Universal 929:82
245 00 - MENCIÓN DEL TÍTULO
Título Diccionario de autores de todos los tiempos y de todos los países /
Mención de responsabilidad, etc. González Porto, Bompiani.
246 3# - FORMA VARIANTE DEL TITULO
Título propio/Titulo breve Bompiani
260 ## - PUBLICACIÓN, DISTRIBUCIÓN, ETC.
Lugar de publicación, distribución, etc. Barcelona :
Nombre del editor, distribuidor, etc. Montaner y Simón,
Fecha de publicación, distribución, etc. [1963]
300 ## - DESCRIPCIÓN FÍSICA
Extensión 3 v. :
Otras características físicas lám. col. y n., il. ;
Dimensiones 24 cm.
650 #4 - PUNTO DE ACCESO ADICIONAL DE MATERIA--TÉRMINO DE MATERIA
Término de materia o nombre geográfico como elemento de entrada Literatura-
Subdivisión general Biobibliografías.
9 (RLIN) 14482
650 #4 - PUNTO DE ACCESO ADICIONAL DE MATERIA--TÉRMINO DE MATERIA
Término de materia o nombre geográfico como elemento de entrada Literatura-
Subdivisión de forma Diccionarios.
9 (RLIN) 14484
700 1# - ENTRADA AGREGADA--NOMBRE PERSONAL
Nombre de persona González Porto, José.
9 (RLIN) 155126
700 1# - ENTRADA AGREGADA--NOMBRE PERSONAL
Nombre de persona Bompiani, Milano.
9 (RLIN) 173777
710 2# - ENTRADA AGREGADA--NOMBRE DE ENTIDAD CORPORATIVA
Nombre de entidad corporativa o nombre de jurisdicción como elemento de entrada Casa editrice Valentino Bompiani.
9 (RLIN) 2481
852 4# - LOCALIZACIÓN
Ubicación ES-MaACL
Número de control de estantería C-28233-35
852 4# - LOCALIZACIÓN
Ubicación ES-MaACL
Número de control de estantería C-31554-56
Holdings
Estatus retirado Estado de pérdida Estado de daño No para préstamo Colección Biblioteca de origen Biblioteca actual Ubicación en estantería Fecha de adquisición Fuente de adquisición Total de préstamos Signatura topográfica completa Código de barras Visto por última vez Precio de reemplazo Tipo de ítem Koha
        Colección de referencia Biblioteca del Ateneo de Madrid Biblioteca del Ateneo de Madrid Depósito 2 29/11/2021     C-28233-35 1202744 23/02/2023 23/02/2023 Libro impreso
        Colección de referencia Biblioteca del Ateneo de Madrid Biblioteca del Ateneo de Madrid Depósito 2 17/01/2008     C-31554-56 1037010 23/02/2023 23/02/2023 Libro impreso